| 000 | 01511nam a2200241 4500 | ||
|---|---|---|---|
| 001 | 5980 | ||
| 010 | _a9722028693 | ||
| 021 | _b233292/05 | ||
| 090 | _a5980 | ||
| 100 | _a20211231d2005 m||y0pory5003 ba | ||
| 200 | 1 |
_aSuite francesa _fIrène Némirovsky _gtrad. Carlos Correia Monteiro de Oliveira |
|
| 210 | 9 |
_aLisboa _cDom Quixote _d2005 |
|
| 215 | _a579, [3] p. | ||
| 225 | 2 | _aFicção universal | |
| 304 | _aTít. orig.: Suite française | ||
| 330 | _aEscrito em plena tormenta da História, Suíte Francesa descreve quase em directo o Êxodo de Junho de 1940, que reuniu numa desordem trágica famílias francesas de todos os quadrantes, das mais abastadas às mais modestas. Com grande ventura Irène Némirovsky persegue as inúmeras pequenas cobardias e os fracos gestos de solidariedade de uma população à deriva. Cocottes abandonadas pelos amantes, grandes burgueses enojados com a populaça, feridos abandonados em quintas entopem as estradas de França bombardeadas ao acaso…Pouco a pouco, o inimigo toma posse de um país inerte e amedrontado. Como tantas outras,a aldeia de Bussy é então obrigada a acolher o exército ocupante. Exacerbadas pela sua presença, as tensões sociais e as frustrações dos habitantes despertam… | ||
| 606 |
_913 _aLiteratura Estrangeira |
||
| 675 |
_a821.133.1-31"19" _vBN _zpor |
||
| 700 |
_aNémirovsky _bIrène _f1903-1942 _95660 |
||
| 702 |
_aOliveira _bCarlos Correia Monteiro _92770 |
||
| 801 | 0 |
_aPT _bBMVN _gRPC |
|
| 830 |
_cInês Silva _d31/12/2021 |
||
| 990 | _cLIVROS | ||